| 000 | 00501ntaaa2200205 4500 | ||
|---|---|---|---|
| 003 | 01 | ||
| 005 | 20251027202932.0 | ||
| 008 | 0714s1973 ag 01 | ||
| 040 |
_aAR-BaBN _bspa _cAR-BaBN _eaacr _dRIC |
||
| 082 | _a922.7000 H175 | ||
| 245 | _aLlanos y montañas | ||
| 250 | _a1 ed. | ||
| 260 |
_aBuenos Aires : _bImprenta Metodista, _c1913 |
||
| 300 | _a248 p | ||
| 650 | _amisiones | ||
| 650 |
_aPenzotti, F.G. _929998 |
||
| 650 |
_abiografía _91311 |
||
| 700 |
_aHall, Daniel _98896 |
||
| 942 | _cBK | ||
| 999 |
_c24644 _d24644 |
||